A szabadidő jó felhasználása is a csapatgyakorlatok sikerét biztosítja
Elmentve itt :
| Szerző: | |
|---|---|
| Dokumentumtípus: | Cikk |
| Megjelent: |
1950
|
| Sorozat: | Honvéd : katonai folyóirat
5 No. 9 |
| Kulcsszavak: | Hadtudomány |
| Online Access: | http://misc.bibl.u-szeged.hu/14621 |
| LEADER | 00596nab a2200169 i 4500 | ||
|---|---|---|---|
| 001 | misc14621 | ||
| 005 | 20191106141740.0 | ||
| 008 | 170607s1950 hu o 0|| hun d | ||
| 040 | |a SZTE Miscellanea Repozitórium |b hun | ||
| 041 | |a hun | ||
| 100 | 1 | |a Vágó Ernő | |
| 245 | 1 | 2 | |a A szabadidő jó felhasználása is a csapatgyakorlatok sikerét biztosítja |h [elektronikus dokumentum] / |c Vágó Ernő |
| 260 | |c 1950 | ||
| 300 | |a 63-68 | ||
| 490 | 0 | |a Honvéd : katonai folyóirat |v 5 No. 9 | |
| 695 | |a Hadtudomány | ||
| 856 | 4 | 0 | |u http://misc.bibl.u-szeged.hu/14621/1/honved_005_009_063-068.pdf |z Dokumentum-elérés |